000 00527nab a2200193 4500
001 244442
003 OSt
005 20241121082830.0
007 tu
008 200917s2020|||||||
040 _aDE-2950
_cDE-2950
245 0 0 _aErinnerungstafel für früheren Rabbiner
_cFoto: Winfried Mausolf
264 _c2024
653 _aFrankfurt (Oder)
653 _aErinnerungstafel
653 _aDr. Martin Salomonski
773 0 _g35. Jahrgang (2024) Nr. 262 vom 09.11.2024, S. 1 mit Foto
_tMärkische Oderzeitung
942 _2z
_cA
999 _c373457
_d373457